| 000 | 00427nam a2200181Ia 4500 | ||
|---|---|---|---|
| 003 | 0100 | ||
| 008 | 130303s9999 xx 000 0 und d | ||
| 040 | _cARRUPELIB | ||
| 050 | _aBL265.P41L531989 | ||
| 100 | _aLiderbach, Daniel | ||
| 245 | 4 | _aThe Numinous Universe | |
| 260 | _aNY | ||
| 260 | _bPaulist Press | ||
| 260 | _C1989 | ||
| 300 | _a159p | ||
| 650 | _bAfrica literature--Women authors--Collections | ||
| 942 | 0 | 0 | _02 |
| 999 |
_c21332 _d21332 |
||